Les fake news sur les animaux#2 - Statistiques

Statistiques générales
  • Ce quiz a été pris 51 fois
  • Le résultat moyen est 6 sur 10
Statistiques - réponses
Question Réponse % Correct
Quel animal a le plus de poils ? la loutre
100%
Qui est le plus petit ? le renard
100%
Que faut-il faire lors d'une piqure de méduse ? mettre de l'eau de mer chaude
100%
Combien de pattes maximum peut avoir un mille-pattes ? 400
67%
Pourquoi pouvons-nous être attaqué par un requin ? car nous ressemblons à une de ses proies
67%
Pourquoi les baleines sautent-elles en dehors de l'eau ? pour communiquer à distance
33%
Pourquoi les corbeaux se réunissent-ils auprès d'un de leur défunt ? pour enquêter sur le meurtre
33%
Pourquoi les zèbres ont-ils des rayures blanches et noires ? pour éviter les morsures d'insectes
33%
Pourquoi les loutres se tiennent la main lorsqu'elles dorment ? pour ne pas être séparées
33%
Pourquoi les moustiques piquent-ils ? pour les protéines présentent dans notre sang
0%
Aucun quiz correspondant
Distribution des résultats
% des personnes avec chaque résultat
Percentile par nombre de réponses
Votre historique - résultats
Vous n’avez pas pris ce quiz